000 00406nam a22001697a 4500
003 OSt
005 20251004112114.0
007 1014 pages
008 251004b |||||||| |||| 00| 0 eng d
020 _a9789352838363
040 _c
082 _212
_a621.3822
_bMEH
245 _aPrinciples of Electronics
_cMehta,V.K
250 _a12
260 _bS.Chand
_c2025
942 _2ddc
_cBK
_e12
_k621.3822
_mMEH
_n0
999 _c36257
_d36257